| 000 | 00688nam a2200241 i 4500 | ||
|---|---|---|---|
| 001 | C2-0252784 | ||
| 003 | PPAK | ||
| 005 | 20180727215924.0 | ||
| 008 | 031203s1984 enka|||| ||||| | eng d | ||
| 020 | _a0246122560 | ||
| 040 |
_aPPAK _beng _cPPAK _erda |
||
| 082 | 0 | 4 |
_a344 _223 |
| 090 | 0 | 0 |
_a344 _bLAD _dG |
| 100 | 1 |
_aLadd, James, _eauthor |
|
| 245 | 1 | 0 |
_aCombined ops _b(modern military techniques |
| 264 | 1 |
_aLondon : _bDragon Hardbacks , _c1984 |
|
| 300 |
_a48 pages : _bcolour illustrations ; _c24 cm |
||
| 336 |
_2rdacontent _atext |
||
| 337 |
_2rdamedia _aunmediated |
||
| 338 |
_2rdacarrier _avolume |
||
| 650 | 1 | 0 | _aCombined operations - Juvenile literature |
| 942 |
_ddc _cB |
||
| 999 |
_c65774 _d65774 |
||